000
00303nam a22001457a 4500
008
210308b ||||| |||| 00| 0 eng d
020
_a
038790050
041
_a
eng
080
_a
51
082
_a
51
100
_a
36
101
_a
MAT
245
_a
Axiomatic Set Theory
_c
Gaisi, T
942
_2
udc
_c
BK
999
_c
55922
_d
55922